| 000 | 00908nam a2200265 i 4500 | ||
|---|---|---|---|
| 003 | DO-SdBNP | ||
| 005 | 20250702102340.0 | ||
| 007 | ta | ||
| 008 | 240918s2015 xxu 000 0 spa d | ||
| 020 | _a9781250068767 (tapa dura) | ||
| 020 | _a9781466888289 (libro electrónico) | ||
| 040 |
_aDO-SdBNP _bspa _cBNPHU _erda |
||
| 100 | 1 |
_aSánchez, Juan Reinaldo _eautor _986614 |
|
| 245 | 1 | 4 |
_aThe double life of Fidel Castro : _bmy 17 years as personal bodyguard to el líder máximo / _cJuan Reinaldo Sánchez, Axel Gyldén |
| 264 | 1 |
_aNueva York : _bSt. Martin´s press, _c2015. |
|
| 300 |
_a278 páginas, _c21 cm. |
||
| 336 |
_2rdacontent _atexto _btxt |
||
| 337 |
_2rdamedia _asin mediación _bn |
||
| 338 |
_2rdacarrier _avolumen _bnc |
||
| 500 | _aIncluye índice. | ||
| 590 | _aInventariado, 2024/ YL | ||
| 700 | 1 |
_aGyldén, Axel _eautor _4aut. _986613 |
|
| 910 | _aYLockward | ||
| 942 |
_2ddc _cLBS1 |
||
| 999 |
_c57714 _d57714 |
||